<?xml version="1.0" encoding="UTF-8"?>
<record
    xmlns:xsi="http://www.w3.org/2001/XMLSchema-instance"
    xsi:schemaLocation="http://www.loc.gov/MARC21/slim http://www.loc.gov/standards/marcxml/schema/MARC21slim.xsd"
    xmlns="http://www.loc.gov/MARC21/slim">

  <leader>03145cam a2200385 i 4500</leader>
  <controlfield tag="003">SA-RiAUC</controlfield>
  <controlfield tag="005">20250615084446.0</controlfield>
  <controlfield tag="008">250615t1999    le     g b    000 0 ara c</controlfield>
  <datafield tag="024" ind1="0" ind2=" ">
    <subfield code="a">00000000968606</subfield>
  </datafield>
  <datafield tag="040" ind1=" " ind2=" ">
    <subfield code="a">AE-AiULD</subfield>
    <subfield code="b">ara</subfield>
    <subfield code="c">SA-RiAUC</subfield>
    <subfield code="d">AE-DuMBRL</subfield>
    <subfield code="e">rda</subfield>
  </datafield>
  <datafield tag="050" ind1=" " ind2="4">
    <subfield code="b">.N35 1999</subfield>
  </datafield>
  <datafield tag="082" ind1="0" ind2="4">
    <subfield code="a">257</subfield>
    <subfield code="q">SA-RiAUC</subfield>
  </datafield>
  <datafield tag="090" ind1=" " ind2=" ">
    <subfield code="a">257  </subfield>
    <subfield code="b"> &#x646; &#x62C; &#x627;</subfield>
  </datafield>
  <datafield tag="100" ind1="1" ind2=" ">
    <subfield code="a">&#x627;&#x644;&#x646;&#x62C;&#x627;&#x631;&#x60C; &#x639;&#x628;&#x62F; &#x627;&#x644;&#x645;&#x62C;&#x64A;&#x62F;&#x60C;</subfield>
    <subfield code="d">1945-</subfield>
    <subfield code="e">&#x645;&#x624;&#x644;&#x641;.</subfield>
  </datafield>
  <datafield tag="245" ind1="1" ind2="0">
    <subfield code="a">&#x645;&#x634;&#x627;&#x631;&#x64A;&#x639; &#x627;&#x644;&#x625;&#x634;&#x647;&#x627;&#x62F; &#x627;&#x644;&#x62D;&#x636;&#x627;&#x631;&#x64A; =</subfield>
    <subfield code="b">Bearing witness to mankind : Muslim projects of Civilizational renaissance and reconstruction /</subfield>
    <subfield code="c">&#x627;&#x644;&#x62F;&#x643;&#x62A;&#x648;&#x631; &#x639;&#x628;&#x62F; &#x627;&#x644;&#x645;&#x62C;&#x64A;&#x62F; &#x639;&#x645;&#x631; &#x627;&#x644;&#x646;&#x62C;&#x627;&#x631;.</subfield>
  </datafield>
  <datafield tag="246" ind1="3" ind2="1">
    <subfield code="a">Bearing witness to mankind :</subfield>
    <subfield code="b">Muslim projects of Civilizational renaissance and reconstruction.</subfield>
  </datafield>
  <datafield tag="250" ind1=" " ind2=" ">
    <subfield code="a">&#x627;&#x644;&#x637;&#x628;&#x639;&#x629; &#x627;&#x644;&#x623;&#x648;&#x644;&#x649;.</subfield>
  </datafield>
  <datafield tag="264" ind1=" " ind2="1">
    <subfield code="a">&#x628;&#x64A;&#x631;&#x648;&#x62A; :</subfield>
    <subfield code="b">&#x62F;&#x627;&#x631; &#x627;&#x644;&#x63A;&#x631;&#x628; &#x627;&#x644;&#x625;&#x633;&#x644;&#x627;&#x645;&#x64A;&#x60C;</subfield>
    <subfield code="c">[1999]</subfield>
  </datafield>
  <datafield tag="264" ind1=" " ind2="3">
    <subfield code="a">&#x628;&#x64A;&#x631;&#x648;&#x62A; :</subfield>
    <subfield code="b">&#x62F;&#x627;&#x631; &#x635;&#x627;&#x62F;&#x631;</subfield>
  </datafield>
  <datafield tag="264" ind1=" " ind2="4">
    <subfield code="c">&#xA9;1999</subfield>
  </datafield>
  <datafield tag="300" ind1=" " ind2=" ">
    <subfield code="a">301 &#x635;&#x641;&#x62D;&#x629; &#x61B;</subfield>
    <subfield code="c">24 &#xD7; 17 &#x633;&#x645;.</subfield>
  </datafield>
  <datafield tag="336" ind1=" " ind2=" ">
    <subfield code="a">&#x646;&#x635;</subfield>
    <subfield code="b">txt</subfield>
    <subfield code="2">rdacontent</subfield>
    <subfield code="3">&#x643;&#x62A;&#x627;&#x628;</subfield>
  </datafield>
  <datafield tag="337" ind1=" " ind2=" ">
    <subfield code="a">&#x628;&#x62F;&#x648;&#x646; &#x648;&#x633;&#x64A;&#x637;</subfield>
    <subfield code="b">n</subfield>
    <subfield code="2">rdamedia</subfield>
  </datafield>
  <datafield tag="338" ind1=" " ind2=" ">
    <subfield code="a">&#x645;&#x62C;&#x644;&#x62F;</subfield>
    <subfield code="b">nc</subfield>
    <subfield code="2">rdacarrier</subfield>
  </datafield>
  <datafield tag="490" ind1="1" ind2=" ">
    <subfield code="a">&#x627;&#x644;&#x634;&#x647;&#x648;&#x62F; &#x627;&#x644;&#x62D;&#x636;&#x627;&#x631;&#x64A; &#x644;&#x644;&#x623;&#x645;&#x629; &#x627;&#x644;&#x627;&#x633;&#x644;&#x627;&#x645;&#x64A;&#x629; &#x61B;</subfield>
    <subfield code="v">3</subfield>
  </datafield>
  <datafield tag="504" ind1=" " ind2=" ">
    <subfield code="a">&#x64A;&#x634;&#x62A;&#x645;&#x644; &#x639;&#x644;&#x649; &#x625;&#x631;&#x62C;&#x627;&#x639;&#x627;&#x62A; &#x628;&#x628;&#x644;&#x64A;&#x648;&#x62C;&#x631;&#x627;&#x641;&#x64A;&#x629;.</subfield>
  </datafield>
  <datafield tag="520" ind1=" " ind2=" ">
    <subfield code="a">&#x64A;&#x62A;&#x646;&#x627;&#x648;&#x644; &#x643;&#x62A;&#x627;&#x628; (&#x645;&#x634;&#x627;&#x631;&#x64A;&#x639; &#x627;&#x644;&#x625;&#x634;&#x647;&#x627;&#x62F; &#x627;&#x644;&#x62D;&#x636;&#x627;&#x631;&#x64A; (3)&#x60C; &#x648;&#x627;&#x644;&#x630;&#x64A; &#x642;&#x627;&#x645; &#x628;&#x62A;&#x623;&#x644;&#x64A;&#x641;&#x647; &#x62F;. &#x639;&#x628;&#x62F; &#x627;&#x644;&#x645;&#x62C;&#x64A;&#x62F; &#x639;&#x645;&#x631; &#x627;&#x644;&#x646;&#x62C;&#x627;&#x631;&#x60C; &#x645;&#x648;&#x636;&#x648;&#x639; (&#x627;&#x644;&#x625;&#x634;&#x647;&#x627;&#x62F; &#x627;&#x644;&#x62D;&#x636;&#x627;&#x631;&#x64A;) &#x647;&#x630;&#x627; &#x627;&#x644;&#x643;&#x62A;&#x627;&#x628; &#x64A;&#x633;&#x62A;&#x639;&#x631;&#x636; &#x627;&#x644;&#x62A;&#x62C;&#x627;&#x631;&#x628; &#x627;&#x644;&#x625;&#x633;&#x644;&#x627;&#x645;&#x64A;&#x629; &#x627;&#x644;&#x62A;&#x64A; &#x642;&#x627;&#x645;&#x62A; &#x628;&#x64A;&#x646; &#x627;&#x644;&#x645;&#x633;&#x644;&#x645;&#x64A;&#x646; &#x643;&#x64A; &#x62A;&#x624;&#x633;&#x633; &#x644;&#x62A;&#x62D;&#x636;&#x631; &#x625;&#x633;&#x644;&#x627;&#x645;&#x64A;&#x60C; &#x648;&#x62A;&#x646;&#x642;&#x633;&#x645; &#x627;&#x644;&#x645;&#x634;&#x627;&#x631;&#x64A;&#x639; &#x625;&#x644;&#x649; &#x62B;&#x644;&#x627;&#x62B;&#x629; &#x647;&#x649;: 1-&#x627;&#x644;&#x645;&#x634;&#x631;&#x648;&#x639; &#x627;&#x644;&#x633;&#x644;&#x641;&#x64A;: &#x64A;&#x647;&#x62F;&#x641; &#x625;&#x644;&#x649; &#x627;&#x644;&#x639;&#x648;&#x62F;&#x629; &#x625;&#x644;&#x649; &#x627;&#x644;&#x643;&#x62A;&#x627;&#x628; &#x648;&#x627;&#x644;&#x633;&#x646;&#x629; &#x648;&#x627;&#x644;&#x628;&#x639;&#x62F; &#x639;&#x646; &#x627;&#x644;&#x627;&#x646;&#x62D;&#x631;&#x627;&#x641;&#x627;&#x62A; &#x627;&#x644;&#x639;&#x642;&#x62F;&#x64A;&#x629;&#x60C; &#x627;&#x644;&#x62A;&#x64A; &#x627;&#x633;&#x62A;&#x634;&#x631;&#x62A; &#x641;&#x64A; &#x630;&#x644;&#x643; &#x627;&#x644;&#x632;&#x645;&#x627;&#x646;. &#x648;&#x643;&#x627;&#x646; &#x623;&#x634;&#x647;&#x631;&#x647;&#x627; &#x627;&#x644;&#x62D;&#x631;&#x643;&#x629; &#x627;&#x644;&#x648;&#x647;&#x627;&#x628;&#x64A;&#x629;&#x60C; &#x648;&#x627;&#x644;&#x62D;&#x631;&#x643;&#x629; &#x627;&#x644;&#x633;&#x646;&#x648;&#x633;&#x64A;&#x629;&#x60C; &#x648;&#x627;&#x644;&#x62D;&#x631;&#x643;&#x629; &#x627;&#x644;&#x645;&#x647;&#x62F;&#x64A;&#x629; &#x641;&#x64A; &#x627;&#x644;&#x633;&#x648;&#x62F;&#x627;&#x646;. 2-&#x627;&#x644;&#x645;&#x634;&#x631;&#x648;&#x639; &#x627;&#x644;&#x62A;&#x62D;&#x631;&#x631;&#x64A;: &#x643;&#x627;&#x646;&#x62A; &#x633;&#x645;&#x62A;&#x647; &#x627;&#x644;&#x62F;&#x639;&#x648;&#x629; &#x625;&#x644;&#x649; &#x62A;&#x62D;&#x631;&#x64A;&#x631; &#x627;&#x644;&#x623;&#x645;&#x629; &#x645;&#x646; &#x627;&#x644;&#x627;&#x633;&#x62A;&#x628;&#x62F;&#x627;&#x62F; &#x627;&#x644;&#x62F;&#x627;&#x62E;&#x644;&#x64A; &#x648;&#x627;&#x644;&#x62E;&#x627;&#x631;&#x62C;&#x64A; &#x627;&#x644;&#x648;&#x627;&#x642;&#x639;&#x627;&#x646; &#x639;&#x644;&#x64A;&#x647;&#x627;. &#x648;&#x645;&#x646; &#x623;&#x639;&#x644;&#x627;&#x645;&#x647; &#x627;&#x644;&#x637;&#x647;&#x637;&#x627;&#x648;&#x64A;&#x60C; &#x648;&#x623;&#x62D;&#x645;&#x62F; &#x62E;&#x627;&#x646;&#x60C; &#x648;&#x627;&#x644;&#x643;&#x648;&#x627;&#x643;&#x628;&#x64A; &#x648;&#x627;&#x644;&#x623;&#x641;&#x63A;&#x627;&#x646;&#x64A;. 3-&#x645;&#x634;&#x631;&#x648;&#x639; &#x627;&#x644;&#x625;&#x62D;&#x64A;&#x627;&#x621; &#x627;&#x644;&#x625;&#x64A;&#x645;&#x627;&#x646;&#x64A; &#x627;&#x644;&#x634;&#x627;&#x645;&#x644;: &#x648;&#x642;&#x62F; &#x643;&#x627;&#x646; &#x648;&#x627;&#x636;&#x62D;&#x627; &#x625;&#x639;&#x62C;&#x627;&#x628;&#x647; &#x628;&#x647;&#x630;&#x627; &#x627;&#x644;&#x645;&#x634;&#x631;&#x648;&#x639; &#x62A;&#x62D;&#x62F;&#x64A;&#x62F;&#x627;&#x60C; &#x645;&#x62A;&#x645;&#x62B;&#x644;&#x627; &#x641;&#x64A; &#x62D;&#x631;&#x643;&#x629; &#x627;&#x644;&#x625;&#x62E;&#x648;&#x627;&#x646; &#x627;&#x644;&#x645;&#x633;&#x644;&#x645;&#x64A;&#x646; &#x628;&#x645;&#x635;&#x631; &#x648;&#x627;&#x644;&#x62C;&#x645;&#x627;&#x639;&#x64A;&#x629; &#x627;&#x644;&#x625;&#x633;&#x644;&#x627;&#x645;&#x64A;&#x629; &#x628;&#x627;&#x644;&#x647;&#x646;&#x62F;. &#x648;&#x642;&#x62F; &#x628;&#x64A;&#x646; &#x627;&#x644;&#x645;&#x624;&#x644;&#x641; &#x627;&#x644;&#x645;&#x636;&#x645;&#x648;&#x646; &#x648;&#x627;&#x644;&#x645;&#x646;&#x647;&#x62C; &#x627;&#x644;&#x630;&#x64A; &#x62A;&#x645; &#x628;&#x647; &#x62A;&#x637;&#x628;&#x64A;&#x642;&#x647; &#x645;&#x639; &#x62A;&#x639;&#x642;&#x64A;&#x628; &#x639;&#x644;&#x649; &#x627;&#x644;&#x625;&#x64A;&#x62C;&#x627;&#x628;&#x64A;&#x627;&#x62A; &#x648;&#x627;&#x644;&#x633;&#x644;&#x628;&#x64A;&#x627;&#x62A; &#x628;&#x631;&#x623;&#x64A;&#x647;. </subfield>
  </datafield>
  <datafield tag="650" ind1=" " ind2="7">
    <subfield code="a">&#x627;&#x644;&#x625;&#x633;&#x644;&#x627;&#x645; &#x648;&#x627;&#x644;&#x62F;&#x648;&#x644;&#x629;</subfield>
    <subfield code="2">aucsh</subfield>
  </datafield>
  <datafield tag="650" ind1=" " ind2="7">
    <subfield code="a">&#x627;&#x644;&#x625;&#x633;&#x644;&#x627;&#x645; &#x648;&#x627;&#x644;&#x645;&#x62C;&#x62A;&#x645;&#x639;</subfield>
    <subfield code="2">aucsh</subfield>
  </datafield>
  <datafield tag="650" ind1=" " ind2="7">
    <subfield code="a">&#x627;&#x644;&#x646;&#x638;&#x645; &#x627;&#x644;&#x625;&#x633;&#x644;&#x627;&#x645;&#x64A;&#x629;</subfield>
    <subfield code="2">aucsh</subfield>
  </datafield>
  <datafield tag="830" ind1=" " ind2="2">
    <subfield code="a">&#x627;&#x644;&#x634;&#x647;&#x648;&#x62F; &#x627;&#x644;&#x62D;&#x636;&#x627;&#x631;&#x64A; &#x644;&#x644;&#x623;&#x645;&#x629; &#x627;&#x644;&#x625;&#x633;&#x644;&#x627;&#x645;&#x64A;&#x629;</subfield>
    <subfield code="v">3</subfield>
  </datafield>
  <datafield tag="942" ind1=" " ind2=" ">
    <subfield code="2">ddc</subfield>
    <subfield code="c">BOOK</subfield>
    <subfield code="n">0</subfield>
  </datafield>
  <datafield tag="949" ind1=" " ind2=" ">
    <subfield code="a">SA-JeALM</subfield>
    <subfield code="d">250615</subfield>
    <subfield code="u">eid123</subfield>
    <subfield code="n">1</subfield>
  </datafield>
  <datafield tag="952" ind1=" " ind2=" ">
    <subfield code="0">0</subfield>
    <subfield code="1">0</subfield>
    <subfield code="2">ddc</subfield>
    <subfield code="4">0</subfield>
    <subfield code="7">0</subfield>
    <subfield code="a">WAHAB</subfield>
    <subfield code="b">WAHAB</subfield>
    <subfield code="d">2025-06-15</subfield>
    <subfield code="l">0</subfield>
    <subfield code="o">257  &#x646; &#x62C; &#x627;</subfield>
    <subfield code="p">000014605</subfield>
    <subfield code="r">2025-06-15 08:45:24</subfield>
    <subfield code="w">2025-06-15</subfield>
    <subfield code="y">BOOK</subfield>
  </datafield>
  <datafield tag="999" ind1=" " ind2=" ">
    <subfield code="c">8952</subfield>
    <subfield code="d">8952</subfield>
  </datafield>
</record>
